| 000 | 01391cam a2200277 4500 | ||
|---|---|---|---|
| 001 | WB3646-11 | ||
| 008 | 000000n2000 000 0 eng u | ||
| 035 | _a(Sirsi) u109444 | ||
| 245 | _aUK's first listed dotcom to close down | ||
| 260 | _c2000 | ||
| 490 |
_aFinancial Times _vCompanies and Markets 22 November 2000, 26(1) |
||
| 490 |
_aDaily Telegraph _vdotcomtelegraph 23 November 2000, 2(1) |
||
| 520 | _aThe homebuying website Easier is to sell its operating business, whilst Asserta Home has bought its rival Smove, as the highly competitive online property sector begins to consolidate. Easier, which sold properties on the Internet for free whilst attempting to make money by selling information about users to financial services companies, is to sell its operating business and turn itself into a cash shell after the financial institutions found that the information they received did not lead to many transactions. | ||
| 590 | _aWB | ||
| 650 | _aEASIER PLC | ||
| 650 | _aINTERNET | ||
| 650 | _aSMOVE | ||
| 650 | _aASSERTA HOME | ||
| 650 | _aPROPERTY LISTINGS | ||
| 650 | _aPROPERTY-RESIDENTIAL PROPERTY-ACQUISITION AND DISPOSAL OF RESIDENTIAL PROPERTY | ||
| 650 | _aPROPERTY-RESIDENTIAL PROPERTY-ACQUISITION AND DISPOSAL OF RESIDENTIAL PROPERTY | ||
| 650 | _aE-COMMERCE | ||
| 650 | _aESTATE AGENTS | ||
| 690 | _aINFORMATION TECHNOLOGY-INTERNET | ||
| 942 | _n0 | ||
| 999 |
_c65330 _d65330 |
||